[Event "FRA-chT2 East 0809"]
[Site "France"]
[Date "2009.04.05"]
[Round "11.4"]
[White "Heinrich, Nicolas"]
[Black "Misler, Thomas"]
[Result "0-1"]
[WhiteElo "1944"]
[BlackElo "2232"]
[PlyCount "102"]
[EventDate "2008.10.19"]
[EventType "team-tourn"]
[EventRounds "11"]
[EventCountry "FRA"]
[SourceTitle "EXT 2010"]
[Source "ChessBase"]
[SourceDate "2010.11.25"]
[SourceVersion "1"]
[SourceVersionDate "2010.11.25"]
[SourceQuality "1"]
[WhiteTeam "Bischwiller II"]
[BlackTeam "Metz Fischer II"]
[WhiteTeamCountry "FRA"]
[BlackTeamCountry "FRA"]

1. e4 e5 2. Nf3 Nc6 3. Bc4 Nf6 4. d3 Be7 5. Nc3 d6 6. h3 Na5 7. Bb3 c6 8. 0-0 0-0 9. Re1 Qc7 10. Bd2 Nxb3 11. axb3 h6 12. Ne2 Re8 13. Ng3 Bf8 14. c4 d5 15. Qc2 dxe4 16. dxe4 Nd7 17. Red1 g6 18. Be3 b6 19. Qd2 Kh7 20. b4 Rd8 21. Nh2 Bb7 22. Ng4 h5 23. Qxd7 Rxd7 24. Rxd7 Qb8 25. Nxe5 Qxe5 26. Rxf7+ Kg8 27. Rxb7 h4 28. Nf1 Qxe4 29. Raxa7 Rxa7 30. Rxa7 Qxc4 31. Nh2 Qxb4 32. Ng4 Be7 33. Rb7 b5 34. Rb8+ Kg7 35. Rb7 Kf8 36. Rb8+ Kf7 37. Rb7 Ke6 38. Rb6 Qe1+ 39. Kh2 Bd6+ 40. f4 Qg3+ 41. Kh1 Qe1+ 42. Kh2 Kd7 43. Rb7+ Kc8 44. Rg7 Qg3+ 45. Kh1 Bxf4 46. Bxf4 Qxf4 47. Rxg6 Kb7 48. Nf6 Qc1+ 49. Kh2 Qxb2 50. Nd7 Qd4 51. Nf8 Qf4+ 0-1